[Event "SVK-ch U14"]
[Site "Stara Lubovna"]
[Date "2022.05.27"]
[Round "8"]
[White "Horvath, Simon"]
[Black "Carnecky, Viliam"]
[Result "0-1"]
[WhiteElo "1000"]
[BlackElo "1380"]
[PlyCount "94"]
[EventDate "2022.05.21"]
[EventType "swiss"]
[EventRounds "9"]
[EventCountry "SVK"]
[SourceTitle "CBM 208 Extra"]
[Source "ChessBase"]
[SourceDate "2022.07.31"]
[SourceVersion "1"]
[SourceVersionDate "2022.07.31"]
[SourceQuality "1"]

1. e4 c6 2. d4 d5 3. Nc3 dxe4 4. Nxe4 Nd7 5. Nf3 Ngf6 6. Nxf6+ Nxf6 7. Be2 Bf5 8. 0-0 e6 9. Bg5 Be7 10. Bd3 Bg4 11. c3 0-0 12. h3 Bh5 13. Be2 Qb6 14. Ne5 Bxe2 15. Qxe2 Qc7 16. Bxf6 Bxf6 17. Ng4 Be7 18. Rae1 Rad8 19. Qd3 c5 20. Re2 cxd4 21. cxd4 Qb6 22. Rd1 Rd6 23. Ne5 Rfd8 24. Nf3 Bf6 25. Red2 Rd5 26. b3 e5 27. dxe5 Rxd3 28. Rxd3 Rxd3 29. Rxd3 Be7 30. g3 Qa6 31. Rd2 h6 32. Nd4 Bb4 33. Rc2 Qd3 34. Rc8+ Kh7 35. e6 Qxd4 36. exf7 Qf6 37. Rc7 Be1 38. Rc2 Qxf7 39. Re2 Ba5 40. Kg2 Qd5+ 41. f3 Qd1 42. Re5 Bb6 43. h4 Qg1+ 44. Kh3 Bc7 45. f4 Bxe5 46. fxe5 h5 47. g4 hxg4# 0-1

[Event "SVK-ch U14"]
[Site "Stara Lubovna"]
[Date "2022.05.25"]
[Round "6"]
[White "Horvath, Simon"]
[Black "Krivosik, Matus"]
[Result "0-1"]
[WhiteElo "1000"]
[BlackElo "1224"]
[PlyCount "94"]
[EventDate "2022.05.21"]
[EventType "swiss"]
[EventRounds "9"]
[EventCountry "SVK"]
[SourceTitle "CBM 208 Extra"]
[Source "ChessBase"]
[SourceDate "2022.07.31"]
[SourceVersion "1"]
[SourceVersionDate "2022.07.31"]
[SourceQuality "1"]

1. e4 c6 2. d4 d5 3. Nc3 dxe4 4. Nxe4 Nf6 5. Nxf6+ exf6 6. Nf3 Bg4 7. h3 Bxf3 8. Qxf3 Qxd4 9. Qe3+ Qxe3+ 10. Bxe3 Be7 11. Be2 0-0 12. 0-0 Nd7 13. Rfd1 Rad8 14. Rd2 Nb6 15. Rxd8 Rxd8 16. Rd1 Rxd1+ 17. Bxd1 Nc4 18. b3 Nxe3 19. fxe3 Bc5 20. Kf2 Kf8 21. Kf3 Ke7 22. e4 Ke6 23. Kf4 Bd6+ 24. Ke3 b6 25. Bg4+ Ke5 26. Bd7 c5 27. c4 g6 28. Bg4 Bf8 29. Bf3 h5 30. g4 Bh6+ 31. Kd3 Kf4 32. Be2 h4 33. a3 f5 34. exf5 gxf5 35. gxf5 Kxf5 36. b4 Kf4 37. bxc5 bxc5 38. a4 Kg3 39. Bf1 f5 40. Ke2 f4 41. Ke1 f3 42. Be2 fxe2 43. Kxe2 Kxh3 44. Kf2 Be3+ 45. Kf3 Kh2 46. Kg4 h3 47. Kh4 Kg2 0-1

[Event "SVK-ch U14"]
[Site "Stara Lubovna"]
[Date "2022.05.24"]
[Round "5"]
[White "Horvath, Simon"]
[Black "Kakus, Oliver"]
[Result "1-0"]
[WhiteElo "1000"]
[BlackElo "1000"]
[PlyCount "59"]
[EventDate "2022.05.21"]
[EventType "swiss"]
[EventRounds "9"]
[EventCountry "SVK"]
[SourceTitle "CBM 208 Extra"]
[Source "ChessBase"]
[SourceDate "2022.07.31"]
[SourceVersion "1"]
[SourceVersionDate "2022.07.31"]
[SourceQuality "1"]

1. e4 Nf6 2. Nc3 Nc6 3. Nf3 d5 4. exd5 Nb4 5. Bc4 Bf5 6. d3 Qd6 7. Nb5 Qb6 8. Be3 Qa5 9. Bd2 0-0-0 10. a3 Nfxd5 11. axb4 Qb6 12. 0-0 a6 13. Nc3 Nxb4 14. Na4 Qd6 15. Bxb4 Qxb4 16. Qd2 Qd6 17. Nc3 Qg6 18. Nh4 Qf6 19. Nxf5 Qxf5 20. h3 Rd6 21. Rae1 e6 22. Re2 Kd7 23. Rfe1 Rb6 24. Na4 Bb4 25. Nxb6+ cxb6 26. Qxb4 a5 27. Qxb6 Rb8 28. Qb5+ Ke7 29. Qxf5 g6 30. Rxe6+ 1-0

[Event "SVK-ch U14"]
[Site "Stara Lubovna"]
[Date "2022.05.22"]
[Round "2"]
[White "Horvath, Simon"]
[Black "Ammer, Erik1111"]
[Result "0-1"]
[WhiteElo "1000"]
[BlackElo "1320"]
[PlyCount "96"]
[EventDate "2022.05.21"]
[EventType "swiss"]
[EventRounds "9"]
[EventCountry "SVK"]
[SourceTitle "CBM 208 Extra"]
[Source "ChessBase"]
[SourceDate "2022.07.31"]
[SourceVersion "1"]
[SourceVersionDate "2022.07.31"]
[SourceQuality "1"]

1. e4 e5 2. Nf3 Nc6 3. Bb5 Bc5 4. 0-0 d6 5. Nc3 Nf6 6. d3 Bg4 7. h3 Bh5 8. Bg5 h6 9. Bxf6 Qxf6 10. Nd5 Qd8 11. c4 0-0 12. Bxc6 bxc6 13. Nc3 Qd7 14. Qe2 f5 15. exf5 Qxf5 16. Qe4 Bxf3 17. Qxf3 Qxf3 18. gxf3 Rxf3 19. Kg2 Rxd3 20. Rad1 Rxd1 21. Rxd1 Rf8 22. Ne4 Bd4 23. Rd3 d5 24. cxd5 cxd5 25. Nc3 Rxf2+ 26. Kg3 Rxb2 27. Nxd5 Rxa2 28. Nxc7 a5 29. Nb5 Bb2 30. Rd2 e4 31. Nc3 Ra3 32. Kf4 Bxc3 33. Rd1 Ra1 34. Rd5 a4 35. Kf5 a3 36. Kg6 Rg1+ 37. Kh5 Rg5+ 38. Rxg5 hxg5 39. Kxg5 a2 40. Kf4 a1Q 41. Kxe4 Qa4+ 42. Kf3 Qd4 43. Kg3 Bd2 44. Kg2 Qe3 45. Kh2 Be1 46. Kh1 Qg3 47. h4 Bf2 48. h5 Qg1# 0-1

[Event "SVK-ch U14"]
[Site "Stara Lubovna"]
[Date "2022.05.21"]
[Round "1"]
[White "Polomsky, Tomas"]
[Black "Horvath, Simon"]
[Result "1-0"]
[WhiteElo "1467"]
[BlackElo "1000"]
[PlyCount "105"]
[EventDate "2022.05.21"]
[EventType "swiss"]
[EventRounds "9"]
[EventCountry "SVK"]
[SourceTitle "CBM 208 Extra"]
[Source "ChessBase"]
[SourceDate "2022.07.31"]
[SourceVersion "1"]
[SourceVersionDate "2022.07.31"]
[SourceQuality "1"]

1. e4 e5 2. Nf3 Nc6 3. Bb5 Nf6 4. Bxc6 dxc6 5. d3 Bd6 6. Nbd2 0-0 7. Nc4 Re8 8. Bg5 h6 9. Bh4 Bg4 10. Ne3 Bxf3 11. Qxf3 Be7 12. Nf5 b5 13. 0-0 a6 14. Qg3 Nh5 15. Nxe7+ Qxe7 16. Qg4 Nf6 17. Qf5 Qe6 18. f4 Qxf5 19. exf5 e4 20. Bxf6 gxf6 21. dxe4 Rxe4 22. Rad1 Re2 23. Rf2 Rxf2 24. Kxf2 c5 25. Rd5 c4 26. Rc5 Rd8 27. Ke3 Rc8 28. Rc6 Re8+ 29. Kd2 Rd8+ 30. Kc3 Kg7 31. Rxa6 Re8 32. Rc6 Re2 33. Rxc7 Rxg2 34. Rd7 Rxh2 35. Rd2 Rxd2 36. Kxd2 h5 37. Ke3 h4 38. Kf3 Kh6 39. Kg4 Kg7 40. Kxh4 Kf8 41. b3 c3 42. a4 bxa4 43. bxa4 Ke8 44. Kh5 Kd7 45. Kh6 Kc6 46. Kg7 Kd5 47. a5 Kc6 48. Kxf7 Kb5 49. Kxf6 Kxa5 50. Ke5 Kb4 51. f6 Ka3 52. Kd4 Kb2 53. Kd3 1-0